000 00682nam a2200205Ia 4500
003 OSt
005 20250730151727.0
008 210210b2003 xxu||||| |||| 00| 0 eng d
040 _cAL
041 _aKannada
082 _aK894.9 GURS
100 _aGURULINGA KAPASE,Ed.
_994588
_dಗುರುಲಿಂಗ ಕಪಾಸೆ
245 _aShivarama karanta: samskratika anusandhana.
_bಶಿವರಾಮ ಕಾರಂತ: ಸಾಂಸ್ಕೃತಿಕ ಅನುಸಂಧಾನ
260 _aBengaluru
_bKarnataka Sahithya Akademi.,
_c2003
300 _avi,203
650 _aShivarama karantha
_994589
690 _aKannada Criticism
_994590
906 _aSG04219
942 _2ddc
_cBK
999 _c114906
_d114906